Business communication (Record no. 6963)

MARC details
000 -LEADER
fixed length control field 00857 a2200217 4500
005 - DATE AND TIME OF LATEST TRANSACTION
control field 20080917122150.0
008 - FIXED-LENGTH DATA ELEMENTS--GENERAL INFORMATION
fixed length control field 080917t xxu||||| |||| 00| 0 eng d
010 ## - LCCN (DPL NO)
LC control number ENG-87795
020 ## - INTERNATIONAL STANDARD BOOK NUMBER
Terms of availability 175.00
International Standard Book Number 8183184383
035 ## - SYSTEM CONTROL NUMBER
System control number EN-71328
037 ## - SOURCE OF ACQUISITION
Source of stock number/acquisition D.B.Act / Pub
082 ## - DEWEY DECIMAL CLASSIFICATION NUMBER
Classification number 651.7
100 ## - MAIN ENTRY--PERSONAL NAME
Personal name Rai, Urmila
245 ## - TITLE STATEMENT
Title Business communication
Statement of responsibility, etc by Urmila Rai and S. M. Rai
260 ## - PUBLICATION, DISTRIBUTION, ETC. (IMPRINT)
Place of publication, distribution, etc Mumbai
Name of publisher, distributor, etc Himalaya Publishing House
Date of publication, distribution, etc 2007
270 ## - ADDRESS
Address "Ramdoot", Dr. Bhalerao Marg, (Kelewadi), Girgaon
City Mumbai
Postal code 400 004
Telephone number 022-23860170, 022-23863863
Electronic mail address himpub@vsnl.com
300 ## - PHYSICAL DESCRIPTION
Extent 427 p.
Dimensions 24 cm. (Pbk)
700 ## - ADDED ENTRY--PERSONAL NAME
Personal name Rai, S. M.
942 ## - ADDED ENTRY ELEMENTS (KOHA)
Institution code [OBSOLETE] dpl
Item type English Books
Call number prefix 651.7 / RAI
Source of classification or shelving scheme Dewey Decimal Classification
Classification part 651.7
Call number suffix RAI
Holdings
Withdrawn status Lost status Source of classification or shelving scheme Damaged status Not for loan Collection code Home library Current library Date acquired Cost, normal purchase price Total Checkouts Full call number Barcode Date last seen Cost, replacement price Koha item type
    Dewey Decimal Classification   Not For Loan Non-fiction D.B.Act.Division D.B.Act.Division 17/09/2008 175.00   651.7 RAI EN-71328 15/09/2008 175.00 English Books

© Delhi Public Library
Hit Counter
free hit counter